| 000 | 00984cam a22002411i 4500 | ||
|---|---|---|---|
| 003 | SA-RiAUC | ||
| 005 | 20251007120644.0 | ||
| 008 | 250723q19001999su g 000 0 ara c | ||
| 040 |
_aSA-JeALM _bara _cSA-RiAUC _erda |
||
| 082 | 0 | 4 |
_a253.901 _qSA-RiAUC |
| 090 |
_a253.901 _bم س ن |
||
| 100 | 1 |
_aالمسند، عبد العزيز بن عبد الرحمن محمد، _d1356-1428 هجري _eمؤلف. |
|
| 245 | 1 | 2 |
_aالعلم المفقود في المواريث الإسلامية / _cعبد العزيز المسند. |
| 250 | _aالطبعة الأولى. | ||
| 264 | 1 |
_aالرياض : _bشركة مطابع نجد، _bعبدالعزيز المسند. _c[بين 1900 و1999] |
|
| 300 |
_a76 صفحة _c24 سم. |
||
| 336 |
_aنص _btxt _2rdacontent _3كتاب |
||
| 337 |
_aبدون وسيط _bn _2rdamedia |
||
| 338 |
_aمجلد _bnc _2rdacarrier |
||
| 650 | 7 |
_aالمواريث (فقه إسلامي) _2aucsh |
|
| 942 |
_2ddc _cBOOK _n0 |
||
| 949 |
_aSA-JeALM _d250723 _uosman123 _n1 |
||
| 999 |
_c12450 _d12450 |
||